Latvia
| Titel: | Latvia : Riga / ed. by Andrew Alfred Duggan |
|---|---|
| Beteiligt: | |
| Ausgabe: | 1st ed |
| Maßstab: | 1:8 000 |
| Veröffentlicht: | Vancouver, BC : ITMB Publishing, 2007 |
| Umfang: | 1 Kt. : mehrfarb. ; 69 x 86 cm, gefaltet 11 x 25 cm |
| Format: | Karte |
| Sprache: | Englisch |
| Schriftenreihe/ mehrbändiges Werk: |
International Travel Maps |
| ISBN: | 1553416937 |
| Lokale Klassifikation: | 46 8 R 1 |
|---|
alg: 33842638 001A $03004:02-04-14 001B $03004:08-07-21 $t09:07:26.000 001C $03004:02-04-14 $t16:23:24.000 001D $03004:02-04-14 001U $0utf8 001X $00 002@ $0Kau 003@ $0338426388 003O $0500562580 $aOCoLC 004A $01-55341-693-7 007A $0338426388 $aHEB 010@ $aeng 011@ $a2007 $n2007 013D $RKarte $#Ortsplan $#Stadtatlas $#Stadtpläne $74129845-7 $8Stadtplan [Ts1] $9085456683 021A $aLatvia $dRiga $hed. by Andrew Alfred Duggan 028C $BEdit. $#Alfred-Duggan, Andrew $#Duggan, Andrew James $7135591384 $8Duggan, Andrew$Z1968- [Tp1] $9199099383 032@ $a1st ed 033A $pVancouver, BC $nITMB Publishing 034D $a1 Kt. 034I $a69 x 86 cm, gefaltet 11 x 25 cm 034M $amehrfarb. 035E $a1:8 000 036G $aInternational Travel Maps 037A $aMit 3 Nebenkarten und Straßenverzeichnis 037H $Aacx $dE 024 04 39 $eE 024 09 30 $fN 056 58 22 $gN 056 55 37 044K $#Riga $#Rīga $#Ryga $#Riega $#Riga in Lieffland $#Rigae Livonum $#Rygae $#Righa $74050042-1 $8Riga [Tg1] $9085139726 lok: 33842638 24 101B $002-04-14 $t16:23:24.000 101C $002-04-14 101U $0utf8 145Z/01 $a46 8 R 1 exp: 33842638 24 1 #EPN 201B/01 $023-10-18 $t13:13:42.000 201C/01 $002-04-14 201U/01 $0utf8 203@/01 $0730145549 208@/01 $a02-04-14 $ba 209A/01 $aK 46 VIII R 28 $dd $f050 $hK 46 VIII R 28 $x00 209C/01 $aK 2014.00004 K $h14 00004 K 220C/01 $awit 247C/01 $8358050-7Marburg, Bibliothek des Herder-Instituts Marburg $9102600961
| LEADER | 00000cem a2200000 c 4500 | ||
|---|---|---|---|
| 001 | 338426388 | ||
| 003 | DE-603 | ||
| 005 | 20210708090726.0 | ||
| 007 | a||||||| | ||
| 008 | 140402s2007 xx |||||| a || | ||eng c | ||
| 020 | |a 1553416937 | ||
| 034 | 0 | |a a |9 A:acx |d E 024 04 39 |e E 024 09 30 |f N 056 58 22 |g N 056 55 37 | |
| 035 | |a (DE-599)HEB338426388 | ||
| 035 | |a (OCoLC)500562580 | ||
| 040 | |a DE-603 |b ger |c DE-603 |d DE-603 | ||
| 041 | |a eng | ||
| 245 | 0 | 0 | |a Latvia |b Riga |c ed. by Andrew Alfred Duggan |
| 250 | |a 1st ed | ||
| 255 | |a 1:8 000 | ||
| 264 | 1 | |a Vancouver, BC |b ITMB Publishing |c 2007 | |
| 300 | |a 1 Kt. |b mehrfarb. |c 69 x 86 cm, gefaltet 11 x 25 cm | ||
| 490 | 0 | |a International Travel Maps | |
| 500 | |a Mit 3 Nebenkarten und Straßenverzeichnis | ||
| 651 | 7 | |a Riga |0 (DE-588)4050042-1 |0 (DE-603)085139726 |2 gnd | |
| 655 | 7 | |a Stadtplan |2 gnd-content |0 (DE-588)4129845-7 |0 (DE-603)085456683 | |
| 700 | 1 | |a Duggan, Andrew |d 1968- |e Edit. |4 oth |0 (DE-603)199099383 |0 (DE-588)135591384 |2 gnd | |
| 924 | 0 | |9 Mb 50 |a (DE-603)730145549 |b DE-Mb50 |c HES |d d |g K 46 VIII R 28 | |


